• 首页
  • 本馆介绍
  • 公告通知
  • 最新文献
  • 馆藏检索
  • 电子资源
  • 读者导购
  • 参考咨询
  • 我的图书馆
  • 登录
  • 详细信息显示
  • 放入我的书架
  • 预约/预借图书
  • 作者相关作品
  • 分类相关作品
  • 丛书相关作品
  • 出版社相关作品

书目信息

  • 表格格式
  • 工作单格式
  • 卡片格式
题名:
吉米·卡特
    
 
作者: 惠勒 , Wheeler 著 ;北京大学法律系编译组 译
分册:  
出版信息: 北京   北京人民出版社  1978
页数: 274页
开本: 19cm
丛书名:
单 册:
中图分类: K837.127.5 , K837.12
科图分类:
主题词:
电子资源:
ISBN:
000 01131nam0 2200313 450
001 1562751109
005 20150120172609.03
010    @dCNY0.72
091    @a11071.105
100    @a19950725d1978 em y0chiy0110 ea
101 1  @achi@ceng
102    @aCN@b110000
105    @ay z 000yb
200 1  @a吉米·卡特@9ji mi ka te@e总统侯选人吉米·卡特的为人、经历和在各种争议问题上的立场@f(美)惠勒(L.Wheeler)著@g北京大学法律系编译组译
210    @a北京@c北京人民出版社@d1978
215    @a274页@d19cm
300    @a书名原文:Jimmy who?
300    @a内部发行
510 1  @aJimmy who?@zeng
517 1  @a总统侯选人吉米卡特的为人经历和在各种争议问题上的立场@9zong tong hou xuan ren ji mi ka te de wei ren jing li he zai ge zhong zheng yi wen ti shang de li chang
600  1 @a卡特@c(Carter,James Earl,Jr)@x评传
600  1 @2CT@3S042629@a卡特@c(Carter,James Earl,Jr)
690    @aK837.127.5@v5
690    @aK837.12@v4
701  1 @a惠勒@9hui le@bL.@4著
701  1 @aWheeler@bL.@4著
712 02 @a北京大学法律系编译组@9bei jing da xue fa lv xi bian yi zu@4译
801  0 @aCN@bTSSF@c20150120
905    @aZUCC@dK837.12@eJY27
    
    吉米·卡特:总统侯选人吉米·卡特的为人、经历和在各种争议问题上的立场/(美)惠勒(L.Wheeler)著/北京大学法律系编译组译.-北京:北京人民出版社,1978
    274页;19cm
    书名原文:Jimmy who?.-内部发行
    
    ISBN :CNY0.72
    
●
相关链接 在E读中查询图书 在五车中查询图书 在当当中查询图书 在豆瓣中查询图书


正题名:吉米·卡特     索取号:K837.12/JY27         预约/预借

序号 登录号 条形码 馆藏地/架位号 状态 备注
1 7836547   278365476   学院路分馆/ [索取号:K837.12/JY27] 在馆    
唐山师范学院图书馆 欢迎您!
大连网信软件有限公司© 版权所有